Trouve le Footballeur jeune #1 Facile - Statistiques

Statistiques générales
  • Ce quiz a été pris 497 fois
  • Le résultat moyen est 12 sur 16
Statistiques - réponses
Par images Réponse % Correct
Kylian Mbappe
100%
Lionel Messi
100%
Cristiano Ronaldo
96%
Antoine Griezmann
91%
Zinedine Zidane
91%
Thierry Henry
88%
Ronaldinho
87%
Erling Haaland
85%
Jude Bellingham
84%
Neymar Jr
83%
Luis Suarez
81%
Robert Lewandowski
64%
Thomas Muller
63%
Luka Modric
54%
Andrès Iniesta
49%
Didier Drogba
15%
Aucun quiz correspondant
Distribution des résultats
% des personnes avec chaque résultat
Percentile par nombre de réponses
Votre historique - résultats
Vous n’avez pas pris ce quiz